| 000 | 01662cam a22002054a 4500 | ||
|---|---|---|---|
| 005 | 20250605164124.0 | ||
| 008 | 250528s ||||||||||||||||||||||||d | ||
| 035 | _a18389 | ||
| 040 |
_aGR-AtMCL _bgre _dGR-AtMCL _eAACR2 |
||
| 245 | 1 | _aΡεαλιστικό Μάνατζμεντ / Κλειδί για την Υψηλή Παραγωγικότητα: Δ' Έκδοση | |
| 250 | _a4η | ||
| 260 |
_bΑσε Α.Ε, _c1991 |
||
| 300 | _a188 | ||
| 505 | 0 | _aΤο Πρόβλημα της Παραγωγικότητας, Οι Θεωρίες της Συμπεριφοράς και των Κινήτρων, Το Ρεαλιστικό Μάνατζμεντ, Εφαρμόζοντας το Ρεαλιστικό Μάναντζμεντ για τη Βελτίωση της Παραγωγικότητας, Το Ρεαλιστικό Μάνατζμεντ στο Μέλλον, Ανακεφαλαίωση, Παραδείγματα Ψυχολογικής Αξιολόγησης, Βιβλιογραφία, Ευρετήριο. | |
| 520 | _aΤο Πρόβλημα της Παραγωγικότητας, Οι Θεωρίες της Συμπεριφοράς και των Κινήτρων, Το Ρεαλιστικό Μάνατζμεντ, Εφαρμόζοντας το Ρεαλιστικό Μάναντζμεντ για τη Βελτίωση της Παραγωγικότητας, Το Ρεαλιστικό Μάνατζμεντ στο Μέλλον, Ανακεφαλαίωση, Παραδείγματα Ψυχολογικής Αξιολόγησης, Βιβλιογραφία, Ευρετήριο. | ||
| 700 | 1 |
_aStanton Erwin S _94665 |
|
| 942 | _cBK | ||
| 999 |
_c3751 _d3751 |
||